[Event "McGill op"]
[Site "Montreal CAN"]
[Date "2012.05.13"]
[Round "4"]
[White "Kraiouchkine, Nikita"]
[Black "Libersan, Thierry"]
[Result "1/2-1/2"]
[WhiteElo "2352"]
[BlackElo "2130"]
[PlyCount "22"]
[GameId "2160767909509491"]
[EventDate "2012.05.11"]
[EventType "swiss"]
[EventRounds "5"]
[EventCountry "CAN"]
[SourceTitle "EXT 2022"]
[Source "ChessBase"]
[SourceDate "2021.10.06"]
[SourceVersion "1"]
[SourceVersionDate "2021.10.06"]
[SourceQuality "1"]

1. e4 c5 2. Nf3 e6 3. d4 cxd4 4. Nxd4 Nc6 5. Nc3 Qc7 6. Be3 a6 7. Qd2 Nf6 8. f3 b5 9. O-O-O Bb7 10. g4 h6 11. Kb1 Ne5 1/2-1/2

[Event "McGill op"]
[Site "Montreal CAN"]
[Date "2012.05.13"]
[Round "4"]
[White "Levkovsky, Alexandre"]
[Black "Chiku-Ratte, Olivier-Kenta"]
[Result "1/2-1/2"]
[WhiteElo "2269"]
[BlackElo "2186"]
[PlyCount "142"]
[GameId "2160767909509492"]
[EventDate "2012.05.11"]
[EventType "swiss"]
[EventRounds "5"]
[EventCountry "CAN"]
[SourceTitle "EXT 2022"]
[Source "ChessBase"]
[SourceDate "2021.10.06"]
[SourceVersion "1"]
[SourceVersionDate "2021.10.06"]
[SourceQuality "1"]

1. e4 c5 2. Nc3 Nc6 3. Nf3 g6 4. d4 cxd4 5. Nxd4 Bg7 6. Be3 d6 7. g3 Nf6 8. h3 O-O 9. Bg2 Bd7 10. O-O Nxd4 11. Bxd4 Bc6 12. Nd5 Bxd5 13. exd5 Nd7 14. Re1 Bxd4 15. Qxd4 Re8 16. Re3 Qb6 17. Rd1 Rac8 18. Rb3 Qxd4 19. Rxd4 b6 20. Rd2 Rc7 21. Re3 Kf8 22. Bf1 Nb8 23. f4 Rec8 24. c3 Rb7 25. a4 a6 26. h4 b5 27. axb5 axb5 28. b4 Nd7 29. Ra2 Nf6 30. Bh3 Rc4 31. Ra8+ Kg7 32. Bg2 Rcc7 33. Bf3 Ra7 34. Rxa7 Rxa7 35. g4 Kf8 36. g5 Ne8 37. Kf2 Nc7 38. Rd3 Ra2+ 39. Ke3 Ke8 40. Rd2 Ra1 41. h5 Rc1 42. Kd4 Kd7 43. hxg6 hxg6 44. Rh2 e6 45. Rh8 Nxd5 46. Bxd5 Rd1+ 47. Ke4 Rxd5 48. Rb8 Kc7 49. Ra8 Rf5 50. Ra7+ Kc6 51. Re7 e5 52. fxe5 Rxg5 53. exd6 Rf5 54. d7 Kc7 55. d8=Q+ Kxd8 56. Rb7 Kc8 57. Ra7 Rf6 58. Ke5 Rf3 59. Kd6 g5 60. Rc7+ Kb8 61. Rc5 f5 62. Rxb5+ Kc8 63. c4 g4 64. Ra5 g3 65. Ra8+ Kb7 66. Rg8 f4 67. Rg7+ Kb6 68. Rg5 Rd3+ 69. Ke5 Rc3 70. c5+ Kb5 71. Kxf4 Kxb4 1/2-1/2

[Event "McGill op"]
[Site "Montreal CAN"]
[Date "2012.05.13"]
[Round "4"]
[White "Libersan, Thierry"]
[Black "Zhang, Yuanchen"]
[Result "1-0"]
[WhiteElo "2130"]
[BlackElo "2004"]
[PlyCount "65"]
[GameId "2160767909509493"]
[EventDate "2012.05.11"]
[EventType "swiss"]
[EventRounds "5"]
[EventCountry "CAN"]
[SourceTitle "EXT 2022"]
[Source "ChessBase"]
[SourceDate "2021.10.06"]
[SourceVersion "1"]
[SourceVersionDate "2021.10.06"]
[SourceQuality "1"]

1. e4 c5 2. Nf3 e6 3. d4 cxd4 4. Nxd4 Nf6 5. Nc3 Nc6 6. Ndb5 Bb4 7. a3 Bxc3+ 8. Nxc3 d5 9. exd5 exd5 10. Bd3 O-O 11. O-O d4 12. Ne2 h6 13. b4 a6 14. Bb2 Bg4 15. f3 Be6 16. Kh1 Kh8 17. Qe1 Qd5 18. Qg3 Rad8 19. Rfe1 Rfe8 20. Rad1 b5 21. Bc1 Bf5 22. Nf4 Qd7 23. h3 Bxd3 24. cxd3 Nd5 25. Bd2 Qf5 26. Qf2 Rc8 27. Kg1 Kg8 28. Re2 Rxe2 29. Qxe2 Nce7 30. Rc1 Ng6 31. Qf2 Ngxf4 32. Bxf4 Nxf4 33. Re1 1-0

[Event "McGill op"]
[Site "Montreal CAN"]
[Date "2012.05.13"]
[Round "4"]
[White "Masse, Hugues"]
[Black "Kraiouchkine, Nikita"]
[Result "1-0"]
[WhiteElo "2311"]
[BlackElo "2352"]
[PlyCount "60"]
[GameId "2160767909509494"]
[EventDate "2012.05.11"]
[EventType "swiss"]
[EventRounds "5"]
[EventCountry "CAN"]
[SourceTitle "EXT 2022"]
[Source "ChessBase"]
[SourceDate "2021.10.06"]
[SourceVersion "1"]
[SourceVersionDate "2021.10.06"]
[SourceQuality "1"]

1. d4 Nf6 2. c4 e6 3. g3 d5 4. Bg2 Be7 5. Nf3 O-O 6. O-O c6 7. Qc2 Ne4 8. b3 b5 9. Bb2 Bb7 10. Nbd2 f5 11. e3 Nd7 12. c5 a5 13. a3 Qe8 14. b4 a4 15. Ne5 Bf6 16. f3 Nxd2 17. Qxd2 Rd8 18. f4 g5 19. Bf3 g4 20. Bg2 h5 21. h4 gxh3 22. Bxh3 Bxe5 23. dxe5 Qg6 24. Kf2 Kf7 25. Rh1 Rh8 26. Rag1 Rh6 27. Bf1 h4 28. Rxh4 Rxh4 29. gxh4 Qh6 30. Rh1 Rg8 1-0

[Event "McGill op"]
[Site "Montreal CAN"]
[Date "2012.05.13"]
[Round "4"]
[White "Robichaud, Louis"]
[Black "Arsenault, Nicolas"]
[Result "1/2-1/2"]
[WhiteElo "2124"]
[BlackElo "2218"]
[PlyCount "78"]
[GameId "2160767909509495"]
[EventDate "2012.05.11"]
[EventType "swiss"]
[EventRounds "5"]
[EventCountry "CAN"]
[SourceTitle "EXT 2022"]
[Source "ChessBase"]
[SourceDate "2021.10.06"]
[SourceVersion "1"]
[SourceVersionDate "2021.10.06"]
[SourceQuality "1"]

1. e4 e6 2. d3 d5 3. Nd2 Nf6 4. Ngf3 b6 5. c3 c5 6. e5 Nfd7 7. d4 Be7 8. Be2 Ba6 9. Bxa6 Nxa6 10. Qe2 Qc8 11. Nf1 cxd4 12. Nxd4 Nac5 13. Bf4 g5 14. Bg3 h5 15. h3 Ne4 16. f3 Nxg3 17. Nxg3 h4 18. Nf1 Qb8 19. Nc6 Qc7 20. Nxe7 Kxe7 21. O-O-O Qxe5 22. Ne3 Kf8 23. Rhe1 Nf6 24. Kb1 Nh5 25. Ka1 Nf4 26. Qc2 Qc7 27. Ng4 Kg7 28. Ne5 f6 29. Nd3 Nxd3 30. Rxd3 Rhe8 31. Rd4 Rad8 32. Qd2 e5 33. Rxd5 Rxd5 34. Qxd5 Rd8 35. Qe4 Qd7 36. a3 Qd2 37. Re2 Qd1+ 38. Ka2 Qd5+ 39. Qxd5 Rxd5 1/2-1/2

[Event "McGill op"]
[Site "Montreal CAN"]
[Date "2012.05.13"]
[Round "5"]
[White "Arsenault, Nicolas"]
[Black "Wu, Qiyou"]
[Result "0-1"]
[WhiteElo "2218"]
[BlackElo "2050"]
[PlyCount "132"]
[GameId "2160767909509496"]
[EventDate "2012.05.11"]
[EventType "swiss"]
[EventRounds "5"]
[EventCountry "CAN"]
[SourceTitle "EXT 2022"]
[Source "ChessBase"]
[SourceDate "2021.10.06"]
[SourceVersion "1"]
[SourceVersionDate "2021.10.06"]
[SourceQuality "1"]

1. e4 c5 2. Nf3 d6 3. c3 Nf6 4. h3 Nc6 5. Bd3 g6 6. Bc2 Bg7 7. O-O O-O 8. d4 cxd4 9. cxd4 Bd7 10. Nc3 a6 11. e5 Ne8 12. Re1 dxe5 13. dxe5 Nc7 14. Bf4 Be6 15. Ng5 Rc8 16. Bg3 b5 17. Nxe6 Nxe6 18. Qxd8 Rfxd8 19. Rad1 Rxd1 20. Bxd1 Rd8 21. Bg4 Rd2 22. Re2 Rxe2 23. Nxe2 Bxe5 24. Bxe6 fxe6 25. Bxe5 Nxe5 26. Nd4 Kf7 27. Nc2 Nd3 28. b4 Kf6 29. Kf1 Ke5 30. a3 Ke4 31. g3 Nc1 32. Ne1 Kd4 33. Nf3+ Kc3 34. Ng5 Kb3 35. Nxh7 Kxa3 36. Nf8 Kxb4 37. Nxg6 a5 38. h4 a4 39. h5 a3 40. h6 a2 41. h7 a1=Q 42. h8=Q Qxh8 43. Nxh8 Kc4 44. Ng6 b4 45. Ne5+ Kd5 46. Nf3 Ke4 47. Nd2+ Kf5 48. f3 b3 49. Kf2 b2 50. Ke3 e5 51. g4+ Kg5 52. Nb1 Nb3 53. Ke4 Nd4 54. Nd2 Nc6 55. Kd5 Na5 56. Nb1 Kf4 57. g5 Kxg5 58. Kxe5 Nb3 59. Ke4 Nc5+ 60. Kd4 Na4 61. Ke5 Nb6 62. f4+ Kg4 63. f5 Nc8 64. Ke6 Kf4 65. Kd7 Kxf5 66. Kxc8 e5 0-1

[Event "McGill op"]
[Site "Montreal CAN"]
[Date "2012.05.13"]
[Round "5"]
[White "Chiku-Ratte, Olivier-Kenta"]
[Black "Carrier, Claude"]
[Result "0-1"]
[WhiteElo "2186"]
[BlackElo "2154"]
[PlyCount "106"]
[GameId "2160767909509497"]
[EventDate "2012.05.11"]
[EventType "swiss"]
[EventRounds "5"]
[EventCountry "CAN"]
[SourceTitle "EXT 2022"]
[Source "ChessBase"]
[SourceDate "2021.10.06"]
[SourceVersion "1"]
[SourceVersionDate "2021.10.06"]
[SourceQuality "1"]

1. d4 Nf6 2. c4 g6 3. Nc3 d5 4. cxd5 Nxd5 5. e4 Nxc3 6. bxc3 c5 7. Nf3 Bg7 8. Rb1 O-O 9. Be2 b6 10. O-O Bb7 11. Qd3 Ba6 12. Qe3 cxd4 13. cxd4 Qc8 14. Rd1 Bxe2 15. Qxe2 Qa6 16. Qxa6 Nxa6 17. Ba3 Rac8 18. Rdc1 Bh6 19. Rxc8 Rxc8 20. d5 Nc5 21. Ne5 f6 22. Nc6 Rc7 23. g3 Kf7 24. Bxc5 bxc5 25. f4 g5 26. f5 g4 27. Kf2 c4 28. Ke2 c3 29. Kd3 Bd2 30. Rb3 Kg7 31. Rb8 h5 32. Kc2 h4 33. Nd4 hxg3 34. hxg3 Rc4 35. Ne6+ Kh7 36. Rb7 Ra4 37. Rxe7+ Kh8 38. d6 Rxa2+ 39. Kd3 Be1 40. Nd4 Bxg3 41. d7 Bc7 42. Nb5 Rd2+ 43. Kxc3 Ba5+ 44. Kb3 g3 45. Re8+ Kg7 46. Rc8 Rxd7 47. Rc2 a6 48. Na3 Bd2 49. Nc4 g2 50. Nb6 g1=Q 51. Nxd7 Qb1+ 52. Rb2 Qd3+ 53. Ka2 Qxd7 0-1

[Event "McGill op"]
[Site "Montreal CAN"]
[Date "2012.05.13"]
[Round "5"]
[White "Hamilton, Robert"]
[Black "Masse, Hugues"]
[Result "1-0"]
[WhiteElo "2390"]
[BlackElo "2311"]
[PlyCount "47"]
[GameId "2160767909509498"]
[EventDate "2012.05.11"]
[EventType "swiss"]
[EventRounds "5"]
[EventCountry "CAN"]
[SourceTitle "EXT 2022"]
[Source "ChessBase"]
[SourceDate "2021.10.06"]
[SourceVersion "1"]
[SourceVersionDate "2021.10.06"]
[SourceQuality "1"]

1. d4 Nf6 2. Bg5 Ne4 3. Bf4 c5 4. f3 Qa5+ 5. c3 Nf6 6. Nd2 cxd4 7. Nb3 Qb6 8. Qxd4 Nc6 9. Qxb6 axb6 10. e4 d5 11. Nd2 dxe4 12. fxe4 e5 13. Be3 Bc5 14. Bxc5 bxc5 15. Bb5 Be6 16. Ngf3 Nd7 17. Ng5 Bg4 18. Nc4 Ke7 19. Ne3 Nf6 20. O-O Be6 21. Nxe6 Kxe6 22. Nf5 Nxe4 23. Rad1 Na5 24. Bd7+ 1-0

[Event "McGill op"]
[Site "Montreal CAN"]
[Date "2012.05.13"]
[Round "5"]
[White "Luo, Zhao Yang"]
[Black "Levkovsky, Alexandre"]
[Result "0-1"]
[WhiteElo "2050"]
[BlackElo "2269"]
[PlyCount "66"]
[GameId "2160767909509499"]
[EventDate "2012.05.11"]
[EventType "swiss"]
[EventRounds "5"]
[EventCountry "CAN"]
[SourceTitle "EXT 2022"]
[Source "ChessBase"]
[SourceDate "2021.10.06"]
[SourceVersion "1"]
[SourceVersionDate "2021.10.06"]
[SourceQuality "1"]

1. d4 Nf6 2. Nf3 e6 3. e3 c5 4. Bd3 d5 5. b3 b6 6. O-O Ba6 7. c4 Nc6 8. Bb2 Be7 9. Nc3 cxd4 10. exd4 O-O 11. a3 Rc8 12. Ne5 dxc4 13. Bxc4 Bxc4 14. bxc4 Nxd4 15. Ne2 Nc6 16. Nxc6 Rxc6 17. Qa4 Qc7 18. Rac1 Rc5 19. Nd4 a6 20. Rfd1 Rc8 21. h3 Qb7 22. Qb3 h6 23. a4 R5c7 24. Nf3 Ne4 25. Be5 Rd7 26. Rxd7 Qxd7 27. Qxb6 Bc5 28. Qxa6 Bxf2+ 29. Kh2 f6 30. Rd1 Qe8 31. Bd4 Rd8 32. Qb7 Bg3+ 33. Kh1 Nf2+ 0-1

[Event "McGill op"]
[Site "Montreal CAN"]
[Date "2012.05.13"]
[Round "5"]
[White "Roy, Myriam"]
[Black "Robichaud, Louis"]
[Result "0-1"]
[WhiteElo "2062"]
[BlackElo "2127"]
[PlyCount "112"]
[GameId "2160767909509500"]
[EventDate "2012.05.11"]
[EventType "swiss"]
[EventRounds "5"]
[EventCountry "CAN"]
[SourceTitle "EXT 2022"]
[Source "ChessBase"]
[SourceDate "2021.10.06"]
[SourceVersion "1"]
[SourceVersionDate "2021.10.06"]
[SourceQuality "1"]

1. e4 e5 2. Nf3 Nc6 3. d4 exd4 4. Nxd4 Bc5 5. Be3 Qf6 6. c3 Nge7 7. Bc4 Ne5 8. Be2 Qg6 9. O-O d6 10. Nd2 Bh3 11. Bf3 h5 12. Kh1 Bd7 13. Qe2 a6 14. a4 Qf6 15. b4 Ba7 16. N4b3 N7g6 17. Bxa7 Rxa7 18. Qe3 Ra8 19. Nd4 Ng4 20. Bxg4 hxg4 21. g3 Ne5 22. Rfe1 g6 23. f4 gxf3 24. N2xf3 Bg4 25. Rf1 Bxf3+ 26. Nxf3 Nxf3 27. Rxf3 Qg7 28. Raf1 O-O 29. Qd3 Rae8 30. Qd5 b6 31. Qc4 Re7 32. Qxa6 Rxe4 33. a5 bxa5 34. Qxa5 f5 35. Qd5+ Kh7 36. R1f2 Rfe8 37. Kg2 R8e5 38. Qd2 Qd7 39. h3 Qc6 40. Kh2 Re2 41. Rxe2 Qxf3 42. Rxe5 dxe5 43. h4 f4 44. Qe1 Kh6 45. b5 e4 46. gxf4 e3 47. Qg3 Qe4 48. Qg5+ Kh7 49. h5 e2 50. hxg6+ Kg7 51. Qh4 Kxg6 52. Qe1 Kf5 53. Kg1 Qf3 54. c4 Qe3+ 55. Kg2 Kg4 56. c5 Qf3+ 0-1

[Event "McGill op"]
[Site "Montreal CAN"]
[Date "2012.05.13"]
[Round "5"]
[White "Zhang, Yuanchen"]
[Black "Zhu, Hong Rui"]
[Result "1/2-1/2"]
[WhiteElo "2004"]
[BlackElo "2088"]
[PlyCount "39"]
[GameId "2160767909509501"]
[EventDate "2012.05.11"]
[EventType "swiss"]
[EventRounds "5"]
[EventCountry "CAN"]
[SourceTitle "EXT 2022"]
[Source "ChessBase"]
[SourceDate "2021.10.06"]
[SourceVersion "1"]
[SourceVersionDate "2021.10.06"]
[SourceQuality "1"]

1. d4 d5 2. c4 e6 3. Nc3 Nf6 4. Bg5 Be7 5. e3 O-O 6. Nf3 Nbd7 7. Rc1 a6 8. cxd5 exd5 9. Bd3 c6 10. O-O Re8 11. Qc2 Nf8 12. Ne5 Ng4 13. Bxe7 Qxe7 14. Nxg4 Bxg4 15. Be2 Bxe2 16. Qxe2 Nd7 17. Qc2 Qd6 18. h3 Re6 19. Ne2 Nf6 20. e4 1/2-1/2

[Event "McGill op U1700"]
[Site "Montreal CAN"]
[Date "2012.05.13"]
[Round "5"]
[White "Leung, Chin"]
[Black "Reynaud, Frederic"]
[Result "1-0"]
[WhiteElo "1580"]
[BlackElo "1593"]
[PlyCount "91"]
[GameId "2160767909509503"]
[EventDate "2012.05.11"]
[EventType "swiss"]
[EventRounds "5"]
[EventCountry "CAN"]

1. e4 e5 2. Nf3 Nc6 3. Bb5 a6 4. Ba4 Nf6 5. d3 d6 6. c3 b5 7. Bb3 Na5 8. Bc2 c5 9. Nbd2 Bg4 10. h3 Bh5 11. Nf1 h6 12. Ng3 Bg6 13. O-O Nc6 14. Be3 d5 15. exd5 Nxd5 16. Qe2 Be7 17. Rad1 O-O 18. Bb3 Nxe3 19. fxe3 Qc7 20. e4 Kh8 21. Bd5 Bd6 22. Nh4 Kh7 23. Ngf5 Rad8 24. Qg4 Ne7 25. Bxf7 Rxf7 26. Nxe7 Qxe7 27. Qxg6+ Kg8 28. Nf5 Qg5 29. Nxh6+ Qxh6 30. Qxf7+ Kh8 31. Rf5 Rf8 32. Qh5 Qxh5 33. Rxh5+ Kg8 34. Rf1 Re8 35. Rhf5 Re6 36. Rf7 Be7 37. R7f3 Rd6 38. Kf2 Bf6 39. g4 Bh4+ 40. Ke2 Re6 41. Rf8+ Kh7 42. Rc8 Be7 43. Rf5 a5 44. h4 Rf6 45. Rxf6 Bxf6 46. Rxc5 1-0

[Event "McGill op U2000"]
[Site "Montreal CAN"]
[Date "2012.05.11"]
[Round "1"]
[White "Giroux, Robert"]
[Black "Laferriere, Samuel"]
[Result "0-1"]
[WhiteElo "1879"]
[BlackElo "1602"]
[PlyCount "110"]
[GameId "2160767909509505"]
[EventDate "2012.05.11"]
[EventType "swiss"]
[EventRounds "5"]
[EventCountry "CAN"]
[SourceTitle "EXT 2022"]
[Source "ChessBase"]
[SourceDate "2021.10.06"]
[SourceVersion "1"]
[SourceVersionDate "2021.10.06"]
[SourceQuality "1"]

1. c4 c6 2. g3 d5 3. Nf3 Nf6 4. Bg2 Nbd7 5. O-O dxc4 6. Nc3 Nb6 7. Qc2 Be6 8. Ng5 Qd7 9. Nxe6 Qxe6 10. e3 g6 11. b3 cxb3 12. axb3 Bg7 13. Bb2 O-O 14. e4 Rfd8 15. d4 Ne8 16. Rad1 Rd7 17. Rfe1 Nc7 18. Na4 Rad8 19. d5 cxd5 20. exd5 Qf5 21. Qxf5 gxf5 22. Bxg7 Kxg7 23. Nxb6 axb6 24. d6 exd6 25. Bxb7 Ne6 26. Bd5 Kf6 27. f4 Nc7 28. Bc6 Re7 29. Rxe7 Kxe7 30. Rd4 d5 31. b4 b5 32. Rd1 Kd6 33. Rc1 Rb8 34. Bxd5 Nxd5 35. Rd1 Rc8 36. Kg2 Rc4 37. Kh3 Rxb4 38. Kh4 Rb2 39. h3 b4 40. Kg5 Rb3 41. Rg1 Rc3 42. Kxf5 b3 43. h4 b2 44. Rb1 Rc2 45. g4 Nc3 46. Rxb2 Rxb2 47. Kf6 Nd5+ 48. Kg7 Nxf4 49. Kxh7 Rh2 50. h5 Nxh5 51. g5 Rg2 52. Kh6 Nf4 53. Kg7 Rxg5+ 54. Kxf7 Rg6 55. Kf8 Ke6 0-1

[Event "McGill op U2000"]
[Site "Montreal CAN"]
[Date "2012.05.11"]
[Round "1"]
[White "Guan, Zi Yu"]
[Black "Sprumont, Oscar"]
[Result "0-1"]
[WhiteElo "1037"]
[BlackElo "1844"]
[PlyCount "134"]
[GameId "2160767909509506"]
[EventDate "2012.05.11"]
[EventType "swiss"]
[EventRounds "5"]
[EventCountry "CAN"]
[SourceTitle "EXT 2022"]
[Source "ChessBase"]
[SourceDate "2021.10.06"]
[SourceVersion "1"]
[SourceVersionDate "2021.10.06"]
[SourceQuality "1"]

1. e4 e5 2. Nf3 Nc6 3. d4 exd4 4. Nxd4 Bc5 5. Be3 Qf6 6. Nc3 Bxd4 7. Nd5 Qe5 8. Bd3 Bxe3 9. Nxe3 Nf6 10. Nc4 Qe7 11. Qe2 d5 12. Nd2 O-O 13. c4 dxe4 14. Nxe4 Nxe4 15. Bxe4 Re8 16. f3 Bf5 17. O-O Bxe4 18. fxe4 Qxe4 19. Qh5 Qxc4 20. b3 Qe6 21. Rae1 Qg6 22. Rxe8+ Rxe8 23. Qd5 Rd8 24. Re1 h6 25. Qc4 Rd2 26. Qf1 Rxa2 27. Re3 Rb2 28. Re8+ Kh7 29. Qf3 Qb1+ 30. Qf1 Qxf1+ 31. Kxf1 Rxb3 32. Rf8 a5 33. Rxf7 a4 34. Rxc7 a3 35. Rc8 a2 36. Ra8 Rb1+ 37. Kf2 a1=Q 38. Rxa1 Rxa1 39. h4 b5 40. g4 b4 41. g5 hxg5 42. hxg5 b3 43. Ke3 b2 44. Ke4 b1=Q+ 45. Kd5 Ne7+ 46. Kd6 Nc8+ 47. Ke6 Kg6 48. Kd7 Nb6+ 49. Ke6 Kxg5 50. Kd6 Kh4 51. Ke6 g5 52. Kd6 g4 53. Ke6 g3 54. Kd6 g2 55. Ke6 g1=Q 56. Kd6 Qd4+ 57. Ke6 Qg6+ 58. Ke7 Nc8+ 59. Kf8 Qg8+ 60. Kxg8 Qg7+ 61. Kxg7 Nd6 62. Kf6 Ra5 63. Ke6 Nf7 64. Kf6 Re5 65. Kxf7 Kg5 66. Kf8 Kg6 67. Kg8 Re8# 0-1

[Event "McGill op U2000"]
[Site "Montreal CAN"]
[Date "2012.05.11"]
[Round "1"]
[White "Lescarbeau, Martin"]
[Black "Eshleman, Brandon"]
[Result "0-1"]
[WhiteElo "1609"]
[BlackElo "1912"]
[PlyCount "72"]
[GameId "2160767909509507"]
[EventDate "2012.05.11"]
[EventType "swiss"]
[EventRounds "5"]
[EventCountry "CAN"]
[SourceTitle "EXT 2022"]
[Source "ChessBase"]
[SourceDate "2021.10.06"]
[SourceVersion "1"]
[SourceVersionDate "2021.10.06"]
[SourceQuality "1"]

1. e4 e5 2. Nc3 Nc6 3. f4 exf4 4. Nf3 g5 5. d4 g4 6. Ne5 Nxe5 7. dxe5 Qh4+ 8. Ke2 f3+ 9. gxf3 gxf3+ 10. Kxf3 Bc5 11. Be3 d6 12. h3 Bg4+ 13. hxg4 Qxh1+ 14. Bg2 Qxd1+ 15. Rxd1 Bxe3 16. Kxe3 O-O-O 17. g5 Ne7 18. exd6 Rxd6 19. Rxd6 cxd6 20. Nb5 Kd7 21. b4 Nc6 22. Bh3+ Ke7 23. a3 h6 24. gxh6 Rxh6 25. Bf5 Rh2 26. Kd3 a6 27. Nc7 Kf6 28. Nd5+ Ke5 29. Bc8 Nd8 30. Ne3 Kf4 31. Nc4 Rh6 32. a4 b5 33. axb5 axb5 34. Na3 Nc6 35. c3 Rh5 36. Bd7 Ne5+ 0-1

[Event "McGill op U2000"]
[Site "Montreal CAN"]
[Date "2012.05.11"]
[Round "1"]
[White "Manailoiu, Dragos"]
[Black "Nazarian, Arash"]
[Result "0-1"]
[WhiteElo "1308"]
[BlackElo "1845"]
[PlyCount "77"]
[GameId "2160767909509508"]
[EventDate "2012.05.11"]
[EventType "swiss"]
[EventRounds "5"]
[EventCountry "CAN"]
[SourceTitle "EXT 2022"]
[Source "ChessBase"]
[SourceDate "2021.10.06"]
[SourceVersion "1"]
[SourceVersionDate "2021.10.06"]
[SourceQuality "1"]

1. d4 d5 2. c4 e6 3. Nc3 Nf6 4. cxd5 Nxd5 5. e4 Nxc3 6. bxc3 c5 7. Nf3 cxd4 8. cxd4 Nc6 9. d5 Nb4 10. Bd2 exd5 11. Ne5 Nc6 12. Bb5 Bd7 13. Nxd7 Qxd7 14. exd5 Qxd5 15. Qe2+ Be7 16. O-O O-O 17. Bxc6 bxc6 18. Rfd1 Rfe8 19. Bc3 Qc5 20. Bd4 Qg5 21. Qc4 Qb5 22. Qc3 Bb4 23. Qg3 Bf8 24. a4 Qa5 25. Bc3 Qa6 26. Rd4 Rad8 27. Rad1 Rxd4 28. Rxd4 g6 29. Qd3 Qxd3 30. Rxd3 Bg7 31. Bd2 c5 32. Be3 Bd4 33. Kf1 Bxe3 34. fxe3 Re4 35. Ra3 Kg7 36. Ke2 Kf6 37. a5 Ke5 38. a6 f5 39. Ra5 0-1

[Event "McGill op U2000"]
[Site "Montreal CAN"]
[Date "2012.05.12"]
[Round "2"]
[White "Lescarbeau, Martin"]
[Black "Giroux, Robert"]
[Result "0-1"]
[WhiteElo "1609"]
[BlackElo "1879"]
[PlyCount "98"]
[GameId "2160767909509509"]
[EventDate "2012.05.11"]
[EventType "swiss"]
[EventRounds "5"]
[EventCountry "CAN"]
[SourceTitle "EXT 2022"]
[Source "ChessBase"]
[SourceDate "2021.10.06"]
[SourceVersion "1"]
[SourceVersionDate "2021.10.06"]
[SourceQuality "1"]

1. e4 g6 2. d4 Bg7 3. c4 c5 4. Nf3 cxd4 5. Nxd4 Qb6 6. Nb3 d6 7. Be3 Qc7 8. Nc3 b6 9. Rc1 Bb7 10. Qd3 Nd7 11. Nd5 Qd8 12. Be2 e6 13. Nc3 Nc5 14. Nxc5 dxc5 15. Qxd8+ Rxd8 16. f3 Ne7 17. O-O Nc6 18. Rfd1 Bd4 19. Kf2 Ke7 20. Bxd4 cxd4 21. Na4 Ba6 22. b3 e5 23. a3 Nb8 24. b4 Nd7 25. b5 Bb7 26. c5 Nxc5 27. Nxc5 bxc5 28. Rxc5 Kd6 29. Rdc1 Rc8 30. R5c4 Rxc4 31. Rxc4 Rc8 32. Ra4 Ra8 33. Bc4 f5 34. Bd5 Bxd5 35. exd5 Kxd5 36. Ra6 e4 37. a4 Kc5 38. b6 Kc6 39. bxa7+ Kb7 40. Rd6 d3 41. fxe4 fxe4 42. Re6 Rd8 43. Ke1 Rd4 44. Re7+ Ka8 45. a5 Ra4 46. a6 Ra1+ 47. Kd2 Ra2+ 48. Kd1 Rxg2 49. Rxh7 e3 0-1

[Event "McGill op U2000"]
[Site "Montreal CAN"]
[Date "2012.05.12"]
[Round "3"]
[White "Giroux, Robert"]
[Black "Guan, Zi Yu"]
[Result "1-0"]
[WhiteElo "1879"]
[BlackElo "1037"]
[PlyCount "83"]
[GameId "2160767909509510"]
[EventDate "2012.05.11"]
[EventType "swiss"]
[EventRounds "5"]
[EventCountry "CAN"]
[SourceTitle "EXT 2022"]
[Source "ChessBase"]
[SourceDate "2021.10.06"]
[SourceVersion "1"]
[SourceVersionDate "2021.10.06"]
[SourceQuality "1"]

1. c4 c5 2. g3 Nf6 3. Bg2 e5 4. Nc3 Nc6 5. d3 d6 6. a3 Be6 7. Bg5 Be7 8. Bxf6 Bxf6 9. Nd5 e4 10. Nxf6+ Qxf6 11. Bxe4 Qxb2 12. Qc1 Qe5 13. Nf3 Qf6 14. Rb1 Rd8 15. Rxb7 d5 16. cxd5 Bxd5 17. Bxd5 Rxd5 18. O-O O-O 19. Rb5 Qd6 20. Qc2 a6 21. Rb3 Rd8 22. Rfb1 h6 23. Rb6 Qd7 24. Rxa6 Nd4 25. Nxd4 cxd4 26. Qc6 Qe7 27. Ra8 Rxa8 28. Qxa8+ Rd8 29. Rb8 Rxb8 30. Qxb8+ Kh7 31. Qb2 Qe5 32. e3 f5 33. Qxd4 Qxd4 34. exd4 Kg8 35. a4 Kf8 36. a5 Ke8 37. a6 Kd8 38. a7 Kc8 39. a8=Q+ Kd7 40. d5 Kd6 41. d4 g5 42. Qd8# 1-0

[Event "McGill op U2000"]
[Site "Montreal CAN"]
[Date "2012.05.12"]
[Round "3"]
[White "Laferriere, Samuel"]
[Black "Manailoiu, Dragos"]
[Result "1/2-1/2"]
[WhiteElo "1602"]
[BlackElo "1308"]
[PlyCount "71"]
[GameId "2160767909509511"]
[EventDate "2012.05.11"]
[EventType "swiss"]
[EventRounds "5"]
[EventCountry "CAN"]
[SourceTitle "EXT 2022"]
[Source "ChessBase"]
[SourceDate "2021.10.06"]
[SourceVersion "1"]
[SourceVersionDate "2021.10.06"]
[SourceQuality "1"]

1. d4 Nf6 2. c4 c5 3. Nf3 cxd4 4. Nxd4 e5 5. Nb5 Bb4+ 6. Bd2 Bxd2+ 7. Qxd2 O-O 8. N1c3 Nc6 9. g3 a6 10. Nd6 Nd4 11. Bg2 Qc7 12. Nxc8 Raxc8 13. e3 Qxc4 14. exd4 exd4 15. Ne2 Rfe8 16. Kf1 Ne4 17. Bxe4 Rxe4 18. f3 Re3 19. Kf2 Rce8 20. Rhe1 Rd3 21. Qf4 Qc2 22. Qc1 Qxc1 23. Nxc1 Rd2+ 24. Kf1 Rxe1+ 25. Kxe1 Rxb2 26. Nd3 Rxh2 27. Nf2 Rg2 28. Ke2 Rxg3 29. Rc1 h5 30. Rc4 g5 31. Rxd4 Rg1 32. Rxd7 Rb1 33. Ne4 g4 34. Nf6+ Kf8 35. fxg4 hxg4 36. Nxg4 1/2-1/2

[Event "McGill op U2000"]
[Site "Montreal CAN"]
[Date "2012.05.12"]
[Round "3"]
[White "Shi, Ling Yun"]
[Black "Lescarbeau, Martin"]
[Result "1-0"]
[WhiteElo "1633"]
[BlackElo "1609"]
[PlyCount "41"]
[GameId "2160767909509512"]
[EventDate "2012.05.11"]
[EventType "swiss"]
[EventRounds "5"]
[EventCountry "CAN"]
[SourceTitle "EXT 2022"]
[Source "ChessBase"]
[SourceDate "2021.10.06"]
[SourceVersion "1"]
[SourceVersionDate "2021.10.06"]
[SourceQuality "1"]

1. e4 e5 2. Nf3 f5 3. exf5 e4 4. Nd4 Qf6 5. Nb5 Na6 6. Qh5+ g6 7. fxg6 hxg6 8. Qe2 d5 9. N5c3 c6 10. d3 Bb4 11. a3 Ba5 12. b4 Bb6 13. Bb2 Bg4 14. Qxg4 Qxf2+ 15. Kd1 Rxh2 16. Nxe4 dxe4 17. Qxe4+ Kd7 18. Rxh2 Re8 19. Rh7+ Kd8 20. Qh4+ Kc8 21. Qxf2 1-0